Zehn Jahre Erfahrungen mit örtlichen und regionalen Energiekonzepten in der Bundesrepublik Deutschland.

Zhodnotenie "nových" energetických koncepcií 80. rokov. Pohľady na prognózy spotreby energie na miestnej úrovni. Koncepcie rozvoja energie v jednotlivých spolkových krajinách. Odvetvové a územne orientované čiastkové koncepcie.

Salvato in:
Dettagli Bibliografici
Autore principale: Lutter, H.
Natura: Capitolo di libro
Lingua:tedesco
Soggetti:
Tags: Aggiungi Tag
Nessun Tag, puoi essere il primo ad aggiungerne!!

MARC

LEADER 00000naa a2200000 4500
001 r003148
005 20220819194915.3
041 0 |a ger 
044 |a DE 
245 1 0 |a Zehn Jahre Erfahrungen mit örtlichen und regionalen Energiekonzepten in der Bundesrepublik Deutschland.  |c H. Lutter 
520 |a Zhodnotenie "nových" energetických koncepcií 80. rokov. Pohľady na prognózy spotreby energie na miestnej úrovni. Koncepcie rozvoja energie v jednotlivých spolkových krajinách. Odvetvové a územne orientované čiastkové koncepcie. 
610 2 0 |a energetika 
610 2 0 |a Nemecko 
610 2 0 |a politika regionálna 
610 2 0 |a koncepcie 
610 2 0 |a spotreba energie 
610 2 0 |a prognózy 
100 1 |a Lutter, H.